Атомно-абсорбционный анализ геологических образцов. Электротермическая атомизация

Chi tiết về thư mục
Tác giả chính: Кацков Д. А.
Tác giả của công ty: Академия наук СССР (АН СССР) Кольский научный центр (КолНЦ) Геологический институт (ГИ)
Tác giả khác: Орлов Н. А. (редактор), Авсарагов Х. Б.
Ngôn ngữ:Tiếng Nga
Được phát hành: Апатиты, Кольский научный центр, 1990
Những chủ đề:
Định dạng: MixedMaterials Sách
KOHA link:https://koha.lib.tpu.ru/cgi-bin/koha/opac-detail.pl?biblionumber=240442

MARC

LEADER 00000nam0a2200000 4500
001 240442
005 20231101231737.0
035 |a (RuTPU)RU\TPU\book\261699 
090 |a 240442 
100 |a 20130621d1990 k y0rusy50 ca 
101 0 |a rus 
102 |a RU 
105 |a a z 001zy 
200 1 |a Атомно-абсорбционный анализ геологических образцов. Электротермическая атомизация  |f Д. А. Кацков, Н. А. Орлов  |g Академия наук СССР (АН СССР), Кольский научный центр (КолНЦ), Геологический институт (ГИ) ; под ред. Х. Б. Авсарагова 
210 |a Апатиты  |c Кольский научный центр  |d 1990 
215 |a 108 с.  |c ил. 
320 |a Библиогр.: с. 91-102. 
606 1 |a Горные породы  |x Химический анализ  |2 stltpush  |3 (RuTPU)RU\TPU\subj\8092  |9 35582 
610 1 |a атомизация 
610 1 |a атомизаторы 
610 1 |a процессы 
610 1 |a квазиравновесные модели 
610 1 |a исследования 
610 1 |a пары 
610 1 |a испарители 
610 1 |a печи 
675 |a 553.08:54  |v 3 
700 1 |a Кацков  |b Д. А. 
701 1 |a Орлов  |b Н. А. 
702 1 |a Авсарагов  |b Х. Б.  |4 340 
712 0 2 |a Академия наук СССР (АН СССР)  |b Кольский научный центр (КолНЦ)  |b Геологический институт (ГИ)  |c (Апатиты)  |2 stltpush  |3 (RuTPU)RU\TPU\col\18176 
801 1 |a RU  |b 63413507  |c 20130621 
801 2 |a RU  |b 63413507  |c 20130820  |g RCR 
942 |c BK